Hong Kong 1980 a review 1979

Salvato in:
Dettagli Bibliografici
Natura: Libro
Lingua:inglese
Pubblicazione: Hong Kong Census and Statistics Department 1980
Soggetti:
Tags: Aggiungi Tag
Nessun Tag, puoi essere il primo ad aggiungerne!!

MARC

LEADER 00000nam a2200000 4500
001 c142346
005 20251103114432.9
041 0 |a eng 
044 |a GB 
245 1 0 |a Hong Kong 1980  |b a review 1979 
264 1 |a Hong Kong  |b Census and Statistics Department  |c 1980 
300 |a 288 s. 
610 2 0 |a Hongkong